Cơ sở địa chất công trình và địa chất thủy văn công trình
TM tài liệu tham khảo Tr.273 - 275; Cuốn sách gồm 8 chương: Đất đá xây dựng; một số tính chất vật lý, nước và hóa lý của đất đá; một số tính chất cơ học quan trọng của đất đá; phân loại đất đá xây dựng; bài tập các chương....
Đã lưu trong:
| Príomhúdar: | |
|---|---|
| Formáid: | Leabhar |
| Teanga: | Undetermined |
| Foilsithe: |
H.
Xây dựng
2012
|
| Ábhair: | |
| Rochtain Ar Líne: | http://lrc.tdmu.edu.vn/opac/search/detail.asp?aID=2&ID=20207 |
| Clibeanna: |
Cuir Clib Leis
Gan Chlibeanna, Bí ar an gcéad duine leis an taifead seo a chlibeáil!
|
| Thư viện lưu trữ: | Trung tâm Học liệu Trường Đại học Thủ Dầu Một |
|---|
| LEADER | 01174nam a2200205Ia 4500 | ||
|---|---|---|---|
| 001 | TDMU_20207 | ||
| 008 | 210410s9999 xx 000 0 und d | ||
| 082 | |a 624.151 | ||
| 090 | |b NG527 | ||
| 100 | |a Nguyễn, Hồng Đức | ||
| 245 | 0 | |a Cơ sở địa chất công trình và địa chất thủy văn công trình | |
| 245 | 0 | |c Nguyễn Hồng Đức | |
| 260 | |a H. | ||
| 260 | |b Xây dựng | ||
| 260 | |c 2012 | ||
| 300 | |a 280 tr. | ||
| 520 | |a TM tài liệu tham khảo Tr.273 - 275; Cuốn sách gồm 8 chương: Đất đá xây dựng; một số tính chất vật lý, nước và hóa lý của đất đá; một số tính chất cơ học quan trọng của đất đá; phân loại đất đá xây dựng; bài tập các chương. | ||
| 650 | |a Xây dựng |x Địa chất công trình |x Địa chất thủy văn; Địa chất công trình |x Xây dựng; Địa chất thủy văn |x Xây dựng | ||
| 856 | |u http://lrc.tdmu.edu.vn/opac/search/detail.asp?aID=2&ID=20207 | ||
| 980 | |a Trung tâm Học liệu Trường Đại học Thủ Dầu Một | ||